Проблемы окружающей среды и стратегия ее сохранения: учебное пособие

Xehetasun bibliografikoak
Egile nagusia: Мельников А. А. Александр Александрович
Erakunde egilea: Московский государственный университет геодезии и картографии
Gaia:Труд представляет собой свод основных современных знаний в области прикладной экологии. Фундаментальный курс направлен на формирование у обучающихся базовых понятий по проблемам взаимодействия человеческого сообщества с окружающей средой. Дано подробное описание структуры окружающей среды и воздействующих на нее факторов применительно к экологической проблематике. Анализ глобальных проблем проводится на примере таких актуальных тем, как антропогенное загрязнение Мирового океана и околозем-" ного космического пространства, «озонная дыра» и т. п. Большое внимание уделено экологическим проблемам городов и селитебных территорий, основных отраслей промышленности и сельского хозяйства. Обсуждение спорных проблем ведется объективно, на основе изложения альтернативных точек зрения. Для студентов, изучающих экологию, и преподавателей высших и средних учебных заведений при разработке рабочих программ и компоновке лекционных курсов по экологическим дисциплинам, а также для всех, кто интересуется проблемой сохранения окружающей среды и выживания человечества.
Hizkuntza:errusiera
Argitaratua: Москва, Академический проект, 2009
Saila:Фундаментальный учебник
Gaiak:
Formatua: MixedMaterials Liburua
KOHA link:https://koha.lib.tpu.ru/cgi-bin/koha/opac-detail.pl?biblionumber=168360

MARC

LEADER 00000nam0a2200000 4500
001 168360
005 20231101222743.0
010 |a 9785984260701 
010 |a 978-5-8291-11557 
035 |a (RuTPU)RU\TPU\book\182671 
090 |a 168360 
100 |a 20091027d2009 m y0rusy50 ca 
101 0 |a rus 
102 |a RU 
105 |a af j 001zy 
200 1 |a Проблемы окружающей среды и стратегия ее сохранения  |e учебное пособие  |f А. А. Мельников  |g Московский государственный университет геодезии и картографии 
210 |a Москва  |c Академический проект  |d 2009 
215 |a 720 с.  |c ил. 
225 1 |a Фундаментальный учебник 
320 |a Библиогр.: с. 713-715. 
330 |a Труд представляет собой свод основных современных знаний в области прикладной экологии. Фундаментальный курс направлен на формирование у обучающихся базовых понятий по проблемам взаимодействия человеческого сообщества с окружающей средой. Дано подробное описание структуры окружающей среды и воздействующих на нее факторов применительно к экологической проблематике. Анализ глобальных проблем проводится на примере таких актуальных тем, как антропогенное загрязнение Мирового океана и околозем-" ного космического пространства, «озонная дыра» и т. п. Большое внимание уделено экологическим проблемам городов и селитебных территорий, основных отраслей промышленности и сельского хозяйства. Обсуждение спорных проблем ведется объективно, на основе изложения альтернативных точек зрения. Для студентов, изучающих экологию, и преподавателей высших и средних учебных заведений при разработке рабочих программ и компоновке лекционных курсов по экологическим дисциплинам, а также для всех, кто интересуется проблемой сохранения окружающей среды и выживания человечества. 
606 1 |a Экология в целом  |2 stltpush  |3 (RuTPU)RU\TPU\subj\39023  |9 59264 
610 1 |a учебные пособия 
610 1 |a окружающая среда 
610 1 |a стабилизирующие ярусы 
610 1 |a химическое воздействие 
610 1 |a физическое воздействие 
610 1 |a социально-экономические последствия 
610 1 |a глобальные проблемы 
610 1 |a ближний космос 
610 1 |a антропогенное загрязнение 
610 1 |a озоновый слой 
610 1 |a климат 
610 1 |a Мировой Океан 
610 1 |a геологическая среда 
610 1 |a глобальные изменения 
610 1 |a психология 
610 1 |a рациональное природопользование 
610 1 |a отрасли промышленности 
610 1 |a экологические проблемы 
610 1 |a города 
610 1 |a селитебные территории 
610 1 |a концепция устойчивого развития 
610 1 |a энергетика 
610 1 |a мониторинг 
610 1 |a моделирование 
610 1 |a международное сотрудничество 
610 1 |a международные программы 
675 |a 504(075.8)  |v 3 
700 1 |a Мельников  |b А. А.  |g Александр Александрович 
712 0 2 |a Московский государственный университет геодезии и картографии  |2 stltpush  |3 (RuTPU)RU\TPU\col\3901  |9 23898 
801 1 |a RU  |b 63413507  |c 20091027 
801 2 |a RU  |b 63413507  |c 20150429  |g RCR 
900 |a Защита окружающей среды 
942 |c BK 
951 |b 120000 
959 |a 111/20091027  |d 2  |e 550,00  |f АНЛ:1  |f ЧЗТЛ:1